Central Library OPAC University of Rajshahi

Studies in early Persian Ismailism / (Record no. 57424)

MARC details
000 -LEADER
fixed length control field 00774nam a2200253 a 4500
001 - CONTROL NUMBER
control field 57424
003 - CONTROL NUMBER IDENTIFIER
rucl marc code BD-RjUL
005 - DATE AND TIME OF LATEST TRANSACTION
control field 20211209080518.0
008 - FIXED-LENGTH DATA ELEMENTS--GENERAL INFORMATION
fixed length control field 101216s1955 ii fh b 001 0 eng d
035 ## - SYSTEM CONTROL NUMBER
System control number (BD-RjUL) 57548
040 ## - CATALOGING SOURCE
Original cataloging agency DLC
Transcribing agency DLC
Modifying agency EQO
-- BD-RjUL
Language of cataloging eng
041 ## - LANGUAGE CODE
Language code of text/sound track or separate title eng
082 ## - DEWEY DECIMAL CLASSIFICATION NUMBER
Classification number 297.8220955
Edition number 23
Author mark and year IVS 1955
100 1# - MAIN ENTRY--PERSONAL NAME
Personal name Ivanow, Wladimir.
9 (RLIN) 170522
245 10 - TITLE STATEMENT
Title Studies in early Persian Ismailism /
Statement of responsibility, etc. W. Ivanow
250 ## - EDITION STATEMENT
Edition statement 2nd rev. ed
260 ## - PUBLICATION, DISTRIBUTION, ETC. (IMPRINT)
Place of publication, distribution, etc. Bombay :
Name of publisher, distributor, etc. Ismaili Society,
Date of publication, distribution, etc. 1955
300 ## - PHYSICAL DESCRIPTION
Pagination 157 p. :
Illustrations ill ;
Size 22 cm
490 1# - SERIES STATEMENT
Series statement Ismaili Society series ;
Volume/sequential designation A, no. 8
504 ## - BIBLIOGRAPHY, ETC. NOTE
Bibliography, etc Includes bibliographical references and index
650 #0 - SUBJECT ADDED ENTRY--TOPICAL TERM
Topical term or geographic name as entry element Ismailites
Geographic subdivision Iran
9 (RLIN) 170523
830 #0 - SERIES ADDED ENTRY--UNIFORM TITLE
Uniform title Ismaili Society series ;
Volume number/sequential designation A, no. 8
942 ## - ADDED ENTRY ELEMENTS (KOHA)
Source of classification or shelving scheme Dewey Decimal Classification
Koha item type Books
Holdings
Lost status Source of classification or shelving scheme Damaged status Not for loan Collection code Permanent Location Current Location Shelving location Date acquired Source of acquisition Cost, normal purchase price Total Checkouts Full call number Date last seen Copy number Koha item type
  Dewey Decimal Classification   Not For Loan Non-fiction Central Library, University of Rajshahi Central Library, University of Rajshahi Reading Room 05/11/1962 Zeitlinger 21.00   297.8220955 IVS 1955 10/12/2016 C-1 Books